| 000 | 00877nam a2200265Ia 4500 | ||
|---|---|---|---|
| 003 | OSt | ||
| 005 | 20221005032207.0 | ||
| 006 | a|||||r|||| 00| 0 | ||
| 007 | ta | ||
| 008 | 221004b |||||||| |||| 00| 0 eng d | ||
| 020 |
_a9780838909393 (pbk) _c2178 |
||
| 024 | _a90913 | ||
| 037 |
_b95, 22/08/2008, Bhartiya Sahitya Bhawan _cTextual |
||
| 040 |
_aCRL _cCRL _beng |
||
| 041 |
_2eng _aeng |
||
| 082 | _a23,b, P7 | ||
| 100 |
_aBell Steven J. _9584903 |
||
| 245 | 0 |
_aAcademic librarianship by design _b A blended librarian's guide to the tools and techniques |
|
| 260 |
_aChicago _bAmerican Library Association USA _c2007 |
||
| 300 |
_aix,181p. _ccm. |
||
| 650 | _aLIBRARY SCIENCE | ||
| 700 |
_a Shank John D. _9584904 |
||
| 942 |
_h23,b, P7 _cTEXL _2cc |
||
| 999 |
_c939243 _d939243 |
||